| 000 | 00625nam a22002177b 4500 | ||
|---|---|---|---|
| 001 | Mimo0001983446 | ||
| 003 | OSt | ||
| 005 | 20140626213002.0 | ||
| 008 | 041104r1931 sp | ||| ||spa | ||
| 040 | _cBMC | ||
| 082 | _a823 | ||
| 100 | 1 |
_aBarclay, Florence L. _d1862-1921 _920802 |
|
| 245 | 1 | 3 |
_aEl rosario _cnovela traducida del inglés por Zoe Godoy y María Luz Morales |
| 250 | _a10ª ed | ||
| 260 |
_aBarcelona _bEdita _c1931 |
||
| 300 |
_a350 p. _c19 cm |
||
| 490 | 0 | _aObras completas de Florencia L. Barclay | |
| 700 | 1 |
_aGodoy, Zoe _920803 |
|
| 700 | 1 |
_920820 _aMorales, María Luz _d1889-1980 |
|
| 942 |
_2ddc _cBK |
||
| 999 |
_c11412 _d11412 |
||